00724nam a22002057a 450000500170000001000130001702000100003003500130004003700160005304000120006908200160008124501000009726000830019727000550028030000310033550000510036665000190041765000160043670000660045220170124105936.0 aA-454508 c87.00 aA-454508 bCen Lib/Ret aDPLbEN a302.23bMAS aMass media in India 1989-90 /cby Ministry of infromation and broadcasting Government on India  aNew DelhibMinistry Of Infromation And Broadcasting Government Of India c1990 aSuper Bazar , Cannought Circus bNew Delhie110001 avi,328p. :bill.c23cm(Hb) aIncludes bibliographical references and index. aSocial Science aMass Media  aMinistry of infromation and broadcasting Govrenment of India